Statistiques concernant Culture Générale - Série 1205

Cliquez ici pour prendre le quiz!

Statistiques générales

  • Ce quiz a été pris 80 fois
  • Le résultat moyen est 7 sur 10

Statistiques - réponses

QuestionRéponse% Correct
Quel nom de légume utilise-t-on pour qualifier un très mauvais film ?navet
97%
En football professionnel, à quel poste Fabien Barthez s'est-il illustré ?goal
96%
De quel pays, réputé pour ses safaris, Nairobi est-elle la capitale ?Kenya
93%
Quel footballeur a fait le bonheur de l'Olympique de Marseille et de l'équipe de France avec ses "papinades" ?Jean-Pierre Papin
91%
Au black jack, quel nombre ne faut-il pas dépasser, sous peine de perdre sa mise ?21
81%
Sous quel nom connaissons-nous mieux Geneviève Mulmann, parfois surnommée "la dame au chapeau" ?Geneviève de Fontenay
72%
En quelle année la Constitution de la IVe République a-t-elle été promulguée ?1946
65%
Dans le film de Tony Scott "Le Fan", de quel sport Robert De Niro est-il passionné ?base-ball
56%
De quel film français, avec Gérard Depardieu et Nathalie Baye, “Sommersby” est-il une adaptation ?Le Retour de Martin Guerre
20%
Quel est le seul coureur cycliste français à avoir remporté 4 Tours de France consécutifs ?Jacques Anquetil
19%

Distribution des résultats

Percentile par nombre de réponses

% des personnes avec chaque résultat

Votre développement - résultats

Vous n’avez pas pris ce quiz